Ley N§19.070

Guardat en:
Dades bibliogràfiques
Format: Llibre
Idioma:espanyol
Publicat: Santiago Ministerio de Educación 1991
Matèries:
Etiquetes: Afegir etiqueta
Sense etiquetes, Sigues el primer a etiquetar aquest registre!

MARC

LEADER 00000nam a2200000 a 4500
001 UCZ4271
003 CL-VaPUC
008 951106e19910000CL |||||||||||||||||spa|d
082 0 4 |a 379.157  |b LEY  |2 21 
245 1 0 |a Ley N§19.070 
246 1 0 |a Estatuto de los profesionales de la educación: publicado en el Diario Oficial el 1§ de julio de 1991 
300 |a 32 p 
942 |c BK 
945 |d 19951106 00:00:00  |a lriquelm 
260 |a Santiago  |b Ministerio de Educación  |c 1991 
650 0 |a Educación  |9 258661 
650 7 |a NORMAS PROFESIONALES DEL DOCENTE  |2 CL-VaPUC  |9 348243 
650 7 |a DOCENTE  |2 CL-VaPUC  |9 348244 
650 0 |a Formación profesional de profesores  |9 307493 
650 0 |a Ética  |9 255099 
650 7 |a CALIFICACIONES DEL DOCENTE  |2 CL-VaPUC  |9 337085 
650 0 |a Rol del docente  |9 329733 
583 |a last modification  |c 19951106 00:00:00  |k Rodrigo Vera 
999 |c 240684  |d 240682 
952 |0 0  |1 0  |4 0  |6 379_157000000000000_LEY_1991  |7 0  |8 A  |9 252674  |a BIBEDU  |b BIBEDU  |d 2019-11-18  |i 1596047  |o 379.157 LEY 1991  |p 1596047  |r 2019-11-18  |w 2019-11-18  |y BK  |k EDU